01573 am a2200469 a 450000500170000000800410001702000150005804100080007324500660008125000200014726000350016730000110020250001080021365300330032165300770035465300430043165300440047465300410051865300270055965300240058665300260061065300390063665300360067565300250071165300200073665300160075665300170077265300250078965300260081465300210084070000220086170000170088370000340090070000190093470000180095370000180097170000230098970000220101270000200103470000240105470000250107820240521130350.0100330s1982||||ag f 001 0dspa d a9502300211 aspa aCátedra de medicina preventiva y social / cFelix Olivieri a2a ed. ampliada aBuenos Aires: bEUDEBA;c1982. a346 p. aOlivieri, F. et al. (1982). Cátedra de medicina preventiva y social. (2a ed.). Buenos Aires : EUDEBA. aMedicina preventiva y social aDisciplinas y problemas relacionados con la medicina preventiva y social aDiagnóstico de la realidad sanitaria aTratamiento de la situación sanitaria aMedidas de magnitud de la enfermedad aSalud materno infantil aAtención médica aSaneamiento ambiental aControl sanitario de los alimentos aFactores ambientales y la salud aMedicina del trabajo aEpidemiología aNutrición aSalud mental aAnexo I: alcoholismo aAnexo II: toxicomania aRehabilitación1 aOlivieri, Félix1 aLepera, Luis1 aGanduglia Pirovano, José A.1 aAntoni, Adolfo1 aVal, Andrés1 aBellocq, Rene1 aMazzafero, Vicente1 aGanapol, Gregorio1 aBiedak, Enrique1 aPistoletti, Enrique1 aRosemwarzel, Horacio